000 00287nam a22001337a 4500
008 190225b xxu||||| |||| 00| 0 eng d
020 _a0534009980
041 _aeng
080 _a316
100 _a50
101 _aSOC
245 _aProfessional Ethics
_cBayles, M.D
942 _2udc
_cBK
999 _c54188
_d54188